| 000 | 00512aam a2200181 4500 | ||
|---|---|---|---|
| 005 | 20160905145148.0 | ||
| 008 | 150806b xxu||||| |||| 00| 0 spa d | ||
| 041 | _aEspañol | ||
| 082 | _a617.692 G211g | ||
| 100 |
_aGanz, Scott _918259 |
||
| 245 | _aGuía ilustrada para comprender los implantes dentales: implantes con forma de raíces | ||
| 260 | _aEstados Unidos | ||
| 260 | _bTaylor Publishing Company | ||
| 260 | _c1993 | ||
| 300 | _a59 páginas | ||
| 650 |
_aIMPLANTES DENTARIOS _918260 |
||
| 942 | _cBK | ||
| 999 |
_c533 _d533 |
||